000
00325nam a2200121Ia 4500
008
220204s9999 xx 000 0 und d
082
_a
338.26
_b
SIN;1
100
_a
SINGH, Hareendra Pal
245
0
_a
Resource appraisal and planning in India
260
_a
New Delhi
_b
Rajesh
_c
1979
650
_a
Economic planning
942
_c
BK
999
_c
36116
_d
36116